000 00750nab a2200217u 4500
001 19386
003 HDC
007 c| |||a|c|aaaa
008 210227b20070803my ||||o |||| 00| 0 eng d
040 _aHDC
245 0 _aARMM looking for Halal sector investors
336 _atext
_2rdacontent
337 _acomputer
_2rdamedia
338 _aonline resource
_2rdacarrier
650 _aJapan International Cooperation Agency (JICA)
_910772
650 _aPhilippine Chamber of Commerce and Industry (PCCI)
_917837
856 _zRequest full-text at [email protected]
942 _2lcc
942 _cNEWS
942 _kNWS0 003549
999 _c16702
_d16702